=LDR 00000nam 2200000 4500 =001 INLIS000000000040806 =005 20130612150349 =008 ***********************************Ind** =035 ##$$0010-061300000040806 =041 ##$$a Ind =082 ##$$a 813 =090 ##$$a 813, Kor d =100 ##$$a Korbel, Kathleen =245 ##$$a Deadly Redemption, Pchebusan/Kathleen Korbel; alih bahasa, Linda Biuntaran =260 ##$$a 2009 $b Jakarta =300 ##$$a 349 hlm., 18 cm =650 ##$$a Fiksi =700 ##$$a Buntaran, Linda =850 ##$$a NBPNMAT